00632nam a2200193 a 450000100100000000500170001000800410002704000250006808200150009324500640010826000330017230000210020549000140022670000380024083000210027804900090029995201130030899900170042100002603720200930024241.0110217s1944 sp r 000 | spa d aDO-SdBNPbspacBNPHU aNNNbP829v10aPopol vuh o El libro del consejo /cLuis Miguel Baudizzone. aBuenos Aires :bNova,c1944. a102 p. ;c20 cm.1 aMar Dulce1 aBaudizzone , Luis Miguel ,952973 0aMar Dulce952974 aBNGR 001050718MOaGRbGRcCTd2011-02-25iLF1l0oNNN P829vp26037-10r2020-06-25w2020-06-25y1ZNo se presta c25529d25529